A Case Study of Enhance the Recovery of Gas Condensate from Raw Natural Gas (Record no. 57548)

MARC details
000 -LEADER
fixed length control field 00329nam a22001097a 4500
100 ## - MAIN ENTRY--AUTHOR NAME
Personal name Muhammad Shoaib
-- 13ME15
245 ## - TITLE STATEMENT
Title A Case Study of Enhance the Recovery of Gas Condensate from Raw Natural Gas
260 ## - PUBLICATION, DISTRIBUTION, ETC. (IMPRINT)
Place of publication Nawabshah:
Name of publisher QUEST,
Year of publication 2016.
300 ## - PHYSICAL DESCRIPTION
Number of Pages 42p. ;
700 ## - ADDED ENTRY--PERSONAL NAME
Personal name Department of Mechanical Engineering
942 ## - ADDED ENTRY ELEMENTS (KOHA)
Koha item type Thesis and Dissertation
Holdings
Withdrawn status Lost status Home library Current library Date acquired Full call number Accession Number Koha item type
    Central Library, QUEST, Nawabshah Research Section 30/03/2017 13ME15 MEP/28-356 Thesis and Dissertation